000 002510000a22000970004500
100 1 _aCaballero, Antonio (1945- )
245 1 0 _aCorrupción : Lo malo y lo bueno
300 _aVol. 77, Núm 77 (1994), Páginas 22-26
773 0 _tCambio 16
942 _cANA
999 _c58709
_d58709